banner-ar

THE PRECIOUS METALS OF WEST ARABIA AND THEIR ROLE IN FORGING THE ECONOMIC DYNAMIC OF THE EARLY ISLAMIC STATE / (Record no. 7308)

MARC details
000 -الفاتح
حقل البيانات ثابتة الطول 00607nam a2200181Ia 4500
008 - عناصر البيانات ثابتة الطول - معلومات عامة
حقل البيانات ثابتة الطول 140319s9999 xx 000 0 eng d
020 ## - الرقم الدولى المعيارى للكتب
الرقم الدولى المعيارى للكتاب 9960726991
040 ## - مصدر الفهرسة
وكالة الفهرسة الأصلية GCL /
وكالة النسخ GCL
082 04 - رقم تصنيف ديوى العشرى
رقم التصنيف 669.209538
رقم المادة H P
100 1# - المدخل الرئيسى - إسم شخصى
الإسم الشخصى HECK ,GENE W.
245 10 - بيان العنوان
العنوان THE PRECIOUS METALS OF WEST ARABIA AND THEIR ROLE IN FORGING THE ECONOMIC DYNAMIC OF THE EARLY ISLAMIC STATE /
بيان المسئوليه,etc HECK ,GENE W.
260 ## - PUBLICATION, DISTRIBUTION, ETC. (IMPRINT)
تاريخ النشر أو التوزيع 2003
300 ## - الوصف المادى
التعداد 25 CM ؛
أبعاد الوعاء 474 PG
650 04 - المدخل الاضافى بالموضوع-مصطلح موضوعى
مصطلح موضوعي METALS
650 04 - المدخل الاضافى بالموضوع-مصطلح موضوعى
مصطلح موضوعي PERCIOUS METALS - SAUDIA ARABIA
942 ## - عناصر المدخل الإضافي( كوها)
مصدر التصنيف او مخطط الترفيف Dewey Decimal Classification
Koha [default] item type كتاب
260 ## - PUBLICATION, DISTRIBUTION, ETC. (IMPRINT)
-- الرياض :
-- KING FAISAL CENTER FOR RESEARCH AND ISLAMIC STUDIES ،
Holdings
حالة التراجع حالة الفقد حالة تلف ليس للاعارة المكان المؤقت الموقع الحالى تاريخ الاكتساب اجمالي اﻻعارات رقم الطلب الباركود تاريخ اخر مشاهدة تاريخ تفعيل السعر نوع وعاء كوها
        مكتبة القاهرة الكبرى مكتبة القاهرة الكبرى 03/26/2014   669.209538 \ H P 15113 03/26/2014 03/26/2014 كتاب

Powered By

EGPV